| 000 | 00356 a2200133 4500 | ||
|---|---|---|---|
| 005 | 20250403152851.0 | ||
| 020 | _a0-205-10632-3 | ||
| 082 | _a519.5 JAR | ||
| 100 | _aJARRELL, S. B. | ||
| 245 | _aBasic Business Statistics | ||
| 260 |
_aBoston, _bAllyn and Bacon, _c1988. |
||
| 300 |
_axvii, 512p.: ill,; figure, graph, table _bIndex. _c24cm. |
||
| 942 |
_2ddc _cBKS |
||
| 999 |
_c1119 _d1119 |
||